01411cam a22004214i 4500003000900000005001700009008004100026020001800067035002700085040003300112082002100145100003000166245006100196264004900257300005600306336002100362337002500383338002300408490004300431504004000474504004500514504006200559504006200621504004800683505010600731526001000837526001000847526001000857526001000867526000800877526000800885526000800893526000800901526000800909526000800917526000800925630005600933PE-LiUPU20250731172835.0150825s2014 miua rb 001 0 eng d a9780310291473 a(Sirsi) i9780310291473 aPE-LiUPUbspacPE-LiUPUerda04a227.906bD192231 aDavids, Peter H.,eautor.12aA theology of James, Peter, and Jude /cPeter H. Davids. 1aGrand Rapids, Michigan :bZondervan,c[2014] a340 páginas :bilustraciones ;c24 centímetros. atext2rdacontent aunmediated2rdamedia avolume2rdacarrier0 aBiblical theology of the New Testament aBibliografía : páginas 303-317. aÍndice de autores : páginas 339-340. aÍndice de escrituras y apócrifos : páginas 319-325. aÍndice de fuentes clásicas y judías : página 326. aÍndice de términos : páginas 328-338.0 aIntroduction: common themes and Issues -- James -- First Peter -- Second Peter -- Jude -- Conclusion. aSEG42 aSEG41 aSEG40 aSEG39 aP94 aP87 aP86 aP85 aP77 aP76 aP3504aBiblia.pN.T.pEpístolas católicasxTeología.